Seminár pracovníkov múzeí a štátnej ochrany prírody

Bibliographic Details
Main Author: Lalkovič, Marcel, 1944-2016 (Author)
Format: Article
Language:Slovak
Subjects:

MARC

LEADER 00000nab a2200000 a 4500
001 vtls000274975
003 SK-MaSNL
005 20260426102210.0
008 250422c1985 xo 0 slo
015 |a SNBRB19rr/mm-uuuuu 
035 |a CL0285089 
035 |a urn:nbn:sk:snk-ab2mha 
035 |a (urnnbn)urn:nbn:sk:snk:ar-a02n6b 
035 |a (uuid)f94500ba-cfd2-448f-bbe5-b5776e53ae58 
040 |a SNKBUCL  |b slo  |c SNKBUCL  |e AACR2 
041 0 |a slo 
044 |a xo  |c SK 
080 |a 069:502:061.3  |2 1981 
080 |a 502  |2 1981 
080 |a 061.3  |2 1981 
080 |a 069  |2 1981 
100 1 |a Lalkovič, Marcel,  |d 1944-2016  |4 aut  |9 216382 
245 1 0 |a Seminár pracovníkov múzeí a štátnej ochrany prírody  |c Marcel Lalkovič 
650 0 7 |a múzeá  |2 snkbucl  |9 4119 
650 0 7 |a ochrana prírody  |2 snkbucl  |9 3778 
655 7 |a články z novín a časopisov  |2 snkbucl  |9 267496 
773 0 |t Múzeum  |g Roč. 30, č. 2 (1985), s. 82 
850 |a Slovenská národná knižnica 
852 |a Slovenská národná knižnica 
954 |a odborná, vedecká literatúra pôvodná (slovenská)  |2 lita 
957 |a 5304 
958 |a article27 
958 |a OND 
958 |a EUIPO 
992 |a RBX 
999 |c 3252321  |d 3254251